000 00459nam a2200169Ia 4500
008 090201s9999 xx 000 0 und d
010 _aKPL-11706
040 _bइंग्रजी
041 _aइंग्रजी
082 _a29950
_b11706
100 _ah. e. edey
245 _amodern financial management
_ch. e. edey
260 _c2004
_bpenguin books
300 _a400
_bमोठा
600 _amodern financial management
942 _cBOOK
999 _c228510
_d228510